00922 2200301 4500001002100000005001500021035002000036007000300056008004100059020002200100040002200122082001200144084001400156090002200170100004400192245009700236250003200333300003600365650001900401850001200420504003300432264003700465336002100502337003000523338002300553999002200576990002200598INLIS00000000088707120240531080651 a0010-0524000902ta240531s2024 yoio g ind d a978-623-240-933-0 aYOPDYOGbinderda04223a920 a920 FAJ j aCB-D.11 2024-07850 aFajar Randi Yoganandad1987-epengarang10aJangan ada kesalahan teknis di antara kita :bsebuah catatan harian /cFajar Randi Yogananda aCetakan pertama, Maret 2024 av, 119 halaman :bfoto ;c19 cm 4aCatatan harian aYOPDYOG aBibliografi: halaman 116-11831aSleman :bDiandra Kreatif,c2024 2rdacontentateks 2rdamediaatanpa perantara 2rdacarrieravolume aCB-D.11/2024-0785 aCB-D.11/2024-0785